[Event "DRUGA LIGA CENTRALNE SRBIJE - Zapad"]
[Site "Vrnjacka banja"]
[Date "2013.??.??"]
[Round "6.3"]
[White "Misailovic, Nebojsa"]
[Black "Jovanovic, Dusan D"]
[Result "1/2-1/2"]
[WhiteElo "2306"]
[BlackElo "2415"]
[PlyCount "107"]
[EventDate "2013.10.10"]

1. e4 e5 2. Nf3 Nc6 3. Bb5 a6 4. Ba4 d6 5. O-O Bd7 6. c3 g6 7. d4 Bg7 8. Bg5 f6
9. Be3 Nh6 10. Bb3 Qe7 11. a4 Nf7 12. Nfd2 O-O 13. Na3 exd4 14. cxd4 f5 15. Rc1
Rac8 16. e5 f4 17. Bxf4 Nxd4 18. exd6 cxd6 19. Rxc8 Bxc8 20. Re1 Qf6 21. Bg3
Nxb3 22. Qxb3 Qxb2 23. Qxb2 Bxb2 24. Nac4 Bc3 25. Re3 Bxd2 26. Nxd2 Bf5 27. Rb3
Rc8 28. f3 Rc2 29. Ne4 Bxe4 30. fxe4 Ng5 31. Rb4 Re2 32. Rxb7 Nxe4 33. Rb6 Ra2
34. Kf1 Rxa4 35. Bxd6 Ra2 36. Bg3 Nd2+ 37. Kg1 a5 38. Rb8+ Kf7 39. Rb7+ Ke6 40.
Rxh7 a4 41. h4 Kf5 42. Bd6 Kg4 43. Rg7 Ra1+ 44. Kf2 Ne4+ 45. Ke2 Kf5 46. Bf8 a3
47. Ra7 Ra2+ 48. Ke3 Nf6 49. Rxa3 Rxg2 50. Kf3 Rc2 51. Ra5+ Ke6 52. Bh6 Rc3+
53. Kg2 Ne4 54. Bg7 1/2-1/2

[Event "DRUGA LIGA CENTRALNE SRBIJE - Zapad"]
[Site "Vrnjacka banja"]
[Date "2013.??.??"]
[Round "6.3"]
[White "Popovic, Predrag R"]
[Black "Pavlovic, Dejan S"]
[Result "1-0"]
[WhiteElo "2257"]
[BlackElo "2398"]
[PlyCount "63"]
[EventDate "2013.10.10"]

1. d4 d5 2. c4 c6 3. cxd5 cxd5 4. Nc3 Nc6 5. Nf3 Nf6 6. Bf4 Ne4 7. e3 Nxc3 8.
bxc3 g6 9. Bd3 Bg7 10. O-O O-O 11. c4 dxc4 12. Bxc4 Bf5 13. Qe2 Rc8 14. Rac1 a6
15. Rfd1 Na5 16. Bd3 Bxd3 17. Qxd3 Qd7 18. Rc3 Rc6 19. Rdc1 Rfc8 20. h3 Qd5 21.
R3c2 e6 22. e4 Qd8 23. Rxc6 Rxc6 24. Rd1 Nc4 25. Qb3 b5 26. d5 exd5 27. exd5
Rc8 28. d6 Qd7 29. Ng5 h6 30. Ne4 Qf5 31. Qf3 g5 32. d7 1-0

[Event "DRUGA LIGA CENTRALNE SRBIJE - Zapad"]
[Site "Vrnjacka banja"]
[Date "2013.??.??"]
[Round "6.3"]
[White "Ratkovic, Milovan**"]
[Black "Jakovljevic, Nenad"]
[Result "0-1"]
[WhiteElo "2294"]
[BlackElo "2080"]
[PlyCount "78"]
[EventDate "2013.10.10"]

1. d4 Nf6 2. c4 g6 3. Nc3 Bg7 4. e4 d6 5. h3 O-O 6. Nf3 e5 7. d5 Na6 8. Bg5 h6
9. Be3 Nc5 10. Nd2 a5 11. g4 Nfd7 12. h4 Nb6 13. Nb3 Nba4 14. Nxa4 Nxa4 15. f3
Kh7 16. Nc1 Bd7 17. b3 Nc5 18. Ne2 f5 19. gxf5 gxf5 20. exf5 e4 21. Nd4 Bxf5
22. f4 Qd7 23. Qd2 Bg4 24. Rb1 Rae8 25. a3 Kh8 26. Kf2 Qe7 27. Re1 Bf6 28. Kg1
Rg8 29. Kh2 Bxh4 30. Rb1 Qf7 31. Bg2 Qh5 32. Kg1 Bf3 33. Nxf3 exf3 34. Bd4+ Kh7
35. Qc2+ Ne4 36. Rh2 Rxg2+ 37. Rxg2 fxg2 38. Rd1 Qf3 39. b4 Qh3 0-1

[Event "DRUGA LIGA CENTRALNE SRBIJE - Zapad"]
[Site "Vrnjacka banja"]
[Date "2013.??.??"]
[Round "6.3"]
[White "Stefanovic, Boban"]
[Black "Civric, Zdravko"]
[Result "0-1"]
[WhiteElo "2139"]
[BlackElo "2181"]
[PlyCount "104"]
[EventDate "2013.10.10"]

1. e4 c5 2. Nf3 Nc6 3. Nc3 e5 4. g3 Nf6 5. Bg2 Be7 6. O-O O-O 7. Re1 d6 8. h3
Nd4 9. d3 h6 10. g4 Nh7 11. Nd5 Ng5 12. Nxd4 cxd4 13. f4 exf4 14. Bxf4 Ne6 15.
Nxe7+ Qxe7 16. Bg3 Bd7 17. c4 Rac8 18. Qd2 b5 19. b3 bxc4 20. dxc4 Bc6 21. Rad1
Rfe8 22. Qb4 Rcd8 23. e5 Bxg2 24. exd6 Qb7 25. Qxb7 Bxb7 26. b4 Kf8 27. b5 Rd7
28. Rxe6 Rxe6 29. c5 Re3 30. c6 Bxc6 31. bxc6 Rxg3+ 32. Kf2 Rxd6 33. Kxg3 Rxc6
34. Rxd4 Rc3+ 35. Kf4 Ra3 36. Rc4 g6 37. Rc7 Rxa2 38. h4 a5 39. g5 hxg5+ 40.
hxg5 Rf2+ 41. Kg3 Rf5 42. Kg4 Ke8 43. Ra7 Kd8 44. Ra6 Kc7 45. Ra8 Kb7 46. Rd8
a4 47. Rd4 Ra5 48. Rd7+ Kc6 49. Rxf7 a3 50. Rf1 a2 51. Ra1 Kd5 52. Kf4 Kd4 0-1

[Event "DRUGA LIGA CENTRALNE SRBIJE - Zapad"]
[Site "Vrnjacka banja"]
[Date "2013.??.??"]
[Round "6.3"]
[White "Nikolic, Vladimir"]
[Black "Zivanic, Slobodan"]
[Result "1/2-1/2"]
[WhiteElo "1977"]
[BlackElo "2214"]
[PlyCount "136"]
[EventDate "2013.10.10"]

1. Nf3 Nf6 2. d4 g6 3. g3 Bg7 4. Bg2 O-O 5. O-O d6 6. c3 Nc6 7. Nbd2 e5 8. dxe5
dxe5 9. Nc4 Qe7 10. Ng5 Qc5 11. b3 Rd8 12. Qc2 Qe7 13. Ba3 Qe8 14. Rad1 Bf5 15.
e4 Bg4 16. f3 Rxd1 17. Rxd1 Bd7 18. Ne3 h6 19. Nh3 Bf8 20. Bxf8 Qxf8 21. Nf2
Be6 22. Bh3 Qc5 23. Rd3 Bxh3 24. Nxh3 Rd8 25. Rxd8+ Nxd8 26. Qd2 Ne6 27. Nf2
Ng5 28. Kg2 Qe7 29. h4 Ngh7 30. Nd3 Kg7 31. Nc4 Nd7 32. h5 Nhf6 33. hxg6 fxg6
34. Nb4 Qe6 35. Nd5 Ne8 36. Nce3 h5 37. c4 c6 38. Nb4 Qe7 39. Qc3 Kh7 40. Nd3
b6 41. c5 b5 42. a4 a6 43. axb5 axb5 44. b4 Ng7 45. Nc1 Ne6 46. Ne2 Qf6 47. Qd3
Nd4 48. Nxd4 exd4 49. f4 Nxc5 50. bxc5 dxe3 51. Qxe3 Qe6 52. Qd3 b4 53. f5 gxf5
54. exf5 Qf6 55. Qd7+ Kh6 56. Qd2+ Qg5 57. Qxb4 Qxf5 58. Qd2+ Qg5 59. Qd6+ Qg6
60. Kh3 Kh7 61. Qd7+ Kh6 62. Qd6 Kg7 63. Qxg6+ Kxg6 64. Kh4 Kh6 65. g4 hxg4 66.
Kxg4 Kg6 67. Kf4 Kf6 68. Ke4 Ke6 1/2-1/2

[Event "DRUGA LIGA CENTRALNE SRBIJE - Zapad"]
[Site "Vrnjacka banja"]
[Date "2013.??.??"]
[Round "6.3"]
[White "Rajkovic, Mladen**"]
[Black "Pajic, Boris"]
[Result "1-0"]
[WhiteElo "2053"]
[BlackElo "2030"]
[PlyCount "119"]
[EventDate "2013.10.10"]

1. e4 c6 2. Nc3 d5 3. d3 d4 4. Nce2 c5 5. f4 Nc6 6. g3 e5 7. Bg2 Bd6 8. Nf3 f6
9. O-O Be6 10. f5 Bf7 11. g4 c4 12. Ng3 cxd3 13. cxd3 Nge7 14. g5 Kd7 15. h4
Qe8 16. Nh2 Kc7 17. Bd2 Rc8 18. a3 Ng8 19. b4 Kb8 20. Rc1 Nce7 21. Rxc8+ Nxc8
22. Bf3 Be7 23. Be2 Nd6 24. Nh5 Bf8 25. Ng3 Be7 26. a4 Qd8 27. Qc1 h6 28. g6
Be8 29. Nh5 Bf8 30. b5 Ne7 31. Bd1 Qb6 32. Bb4 Nec8 33. Qa3 a6 34. Bc5 Nxb5 35.
Bxb6 Nxa3 36. Bd8 Nb1 37. Rf2 Nc3 38. Bb3 Bxa4 39. Be6 Nxe4 40. dxe4 d3 41. Nf3
Bc5 42. Bxf6 Bd1 43. Bxe5+ Ka8 44. Bd4 Bxd4 45. Nxd4 Rd8 46. f6 gxf6 47. g7 Ne7
48. Nf5 Nxf5 49. exf5 Bxh5 50. g8=Q Rxg8+ 51. Bxg8 Be2 52. Bb3 b5 53. Rf4 d2
54. Rd4 d1=Q+ 55. Bxd1 Bxd1 56. Rxd1 Kb7 57. Rd6 b4 58. Kf2 a5 59. Ke2 a4 60.
Rd4 1-0

[Event "DRUGA LIGA CENTRALNE SRBIJE - Zapad"]
[Site "Vrnjacka banja"]
[Date "2013.??.??"]
[Round "6.4"]
[White "Czebe, Attila"]
[Black "Avramovic, Zoran"]
[Result "1-0"]
[WhiteElo "2456"]
[BlackElo "2330"]
[PlyCount "139"]
[EventDate "2013.10.10"]

1. Nf3 d5 2. g3 e6 3. Bg2 f5 4. O-O Nf6 5. d3 Bc5 6. Nbd2 O-O 7. Qe1 Nc6 8. a3
Nd4 9. Nxd4 Bxd4 10. e4 fxe4 11. dxe4 c6 12. h3 a5 13. Kh2 a4 14. f4 b6 15. e5
Ne8 16. Nf3 Bc5 17. Be3 Qe7 18. Nd4 Bxd4 19. Bxd4 c5 20. Bg1 Bb7 21. Rd1 g6 22.
g4 Ng7 23. Bf2 h6 24. c4 d4 25. Bh4 Qc7 26. Qg3 Bxg2 27. Qxg2 g5 28. Bg3 Rad8
29. Qe4 d3 30. Rxd3 Rxd3 31. Qxd3 Rd8 32. Qe3 gxf4 33. Qxf4 Kh7 34. Qe4+ Kg8
35. Rf6 Rd2+ 36. Kh1 Qd8 37. Rxh6 Rd1+ 38. Be1 Qd3 39. Qa8+ Qd8 40. Qxd8+ Rxd8
41. Bc3 Rd3 42. Kg2 Re3 43. Rf6 Re4 44. Rf3 Rxc4 45. Rd3 b5 46. Rd8+ Kf7 47.
Rb8 b4 48. axb4 a3 49. bxc5 axb2 50. Bxb2 Rxc5 51. Bd4 Rc4 52. Be3 Ne8 53. Rb7+
Kg6 54. Kf3 Rc7 55. Rxc7 Nxc7 56. h4 Nd5 57. Bf4 Kh7 58. Bd2 Ne7 59. Bb4 Nd5
60. Bd6 Kh6 61. Bf8+ Kg6 62. h5+ Kg5 63. Bg7 Nc7 64. Bf6+ Kh6 65. Kg3 Nd5 66.
Kh4 Nb6 67. g5+ Kh7 68. g6+ Kh6 69. Be7 Nd7 70. Bd6 1-0

[Event "DRUGA LIGA CENTRALNE SRBIJE - Zapad"]
[Site "Vrnjacka banja"]
[Date "2013.??.??"]
[Round "6.4"]
[White "Mircic, Ivan"]
[Black "Bojovic, Dusan*"]
[Result "1-0"]
[WhiteElo "2254"]
[BlackElo "2309"]
[PlyCount "79"]
[EventDate "2013.10.10"]

1. Nf3 Nf6 2. c4 d6 3. g3 g6 4. Bg2 Bg7 5. O-O O-O 6. Nc3 c6 7. d4 Qa5 8. e4 e5
9. d5 cxd5 10. cxd5 b5 11. Re1 Na6 12. a3 b4 13. Na4 Bd7 14. b3 Bxa4 15. axb4
Qxb4 16. Rxa4 Qb7 17. Ba3 Qb6 18. Nd2 Nc5 19. Nc4 Qc7 20. Bxc5 Qxc5 21. Qd2 Nd7
22. Rea1 Rfb8 23. Na5 Nb6 24. R4a3 Nd7 25. Nc6 Rb7 26. b4 Qb6 27. Ra6 Qc7 28.
Rc1 Nb8 29. Nxb8 Qxb8 30. Rac6 Qd8 31. Bh3 Bf8 32. R1c4 a5 33. Rc8 Rxc8 34.
Rxc8 Qf6 35. bxa5 Kg7 36. a6 Rb1+ 37. Rc1 Rb8 38. a7 Ra8 39. Qa5 Qe7 40. Rc7
1-0

[Event "DRUGA LIGA CENTRALNE SRBIJE - Zapad"]
[Site "Vrnjacka banja"]
[Date "2013.??.??"]
[Round "6.4"]
[White "Toth, Aleksandar*"]
[Black "Rancic, Zoran"]
[Result "1/2-1/2"]
[WhiteElo "2309"]
[BlackElo "2196"]
[PlyCount "72"]
[EventDate "2013.10.10"]

1. e4 d5 2. exd5 Qxd5 3. Nc3 Qd8 4. d4 Nf6 5. Nf3 Bg4 6. Bc4 e6 7. h3 Bxf3 8.
Qxf3 c6 9. Be3 Bd6 10. O-O Nbd7 11. Rad1 Qa5 12. Ne4 Nxe4 13. Qxe4 Nf6 14. Qf3
Qh5 15. Be2 Qxf3 16. Bxf3 Nd5 17. Bd2 O-O 18. c4 Nf6 19. Bc3 Rad8 20. b4 Rd7
21. Rd3 Rc8 22. a4 Kf8 23. g3 Rcd8 24. Rfd1 Be7 25. R3d2 Rc8 26. Ra1 Ne8 27.
Be2 Rcd8 28. Rad1 Nd6 29. Bd3 Bf6 30. a5 a6 31. Kf1 g6 32. Ke2 Nf5 33. Bxf5
gxf5 34. f4 h5 35. Rd3 Ke7 36. h4 Bh8 1/2-1/2

[Event "DRUGA LIGA CENTRALNE SRBIJE - Zapad"]
[Site "Vrnjacka banja"]
[Date "2013.??.??"]
[Round "6.4"]
[White "Dragojevic, Leon*"]
[Black "Djordjev, Bojan*"]
[Result "1/2-1/2"]
[WhiteElo "1923"]
[BlackElo "2141"]
[PlyCount "30"]
[EventDate "2013.10.10"]

1. e4 c5 2. d4 cxd4 3. c3 e6 4. Nf3 d5 5. e5 Qb6 6. cxd4 Bd7 7. Nc3 Ne7 8. Bd3
Ng6 9. O-O Be7 10. Rb1 Nc6 11. a3 Rc8 12. Na4 Qd8 13. Be3 O-O 14. b4 b6 15. Qb3
Qe8 1/2-1/2

[Event "DRUGA LIGA CENTRALNE SRBIJE - Zapad"]
[Site "Vrnjacka banja"]
[Date "2013.??.??"]
[Round "6.4"]
[White "Trpkovic, Miroljub"]
[Black "Djukic, Sasa"]
[Result "1/2-1/2"]
[WhiteElo "1950"]
[BlackElo "1996"]
[PlyCount "95"]
[EventDate "2013.10.10"]

1. e4 Nf6 2. Nc3 e5 3. Bc4 Nc6 4. d3 Bb4 5. Bd2 O-O 6. Nge2 Na5 7. Bb3 Nxb3 8.
axb3 d5 9. exd5 Nxd5 10. O-O Nxc3 11. Bxc3 Bxc3 12. Nxc3 Bd7 13. Qe2 f6 14.
Rfe1 Bc6 15. Rad1 Qd4 16. Qe3 Qxe3 17. Rxe3 Rad8 18. Rde1 Rfe8 19. f3 Kf7 20.
Kf2 a5 21. g3 Rd4 22. Ne2 Rb4 23. Nc1 Rb6 24. Na2 h5 25. h4 Rd8 26. Ke2 Rg8 27.
Kd2 g5 28. hxg5 Rxg5 29. Rg1 Ra6 30. Nc3 Ra8 31. Rh1 Rxg3 32. Rxh5 Rxf3 33.
Rxf3 Bxf3 34. Rh7+ Ke6 35. Rxc7 f5 36. Rh7 Rg8 37. Rh2 Rg3 38. Ne2 Rg6 39. Rf2
Bg4 40. Nc3 Rh6 41. Na2 Rh7 42. b4 axb4 43. Nc1 Rd7 44. Ne2 e4 45. Nf4+ Ke5 46.
Ke3 exd3 47. Nxd3+ Kd6 48. Nxb4 1/2-1/2

[Event "DRUGA LIGA CENTRALNE SRBIJE - Zapad"]
[Site "Vrnjacka banja"]
[Date "2013.??.??"]
[Round "6.4"]
[White "Zivkovic, Vladisa"]
[Black "Radenkovic, Aleksa**"]
[Result "0-1"]
[WhiteElo "2003"]
[BlackElo "1934"]
[PlyCount "88"]
[EventDate "2013.10.10"]

1. e4 c5 2. Nf3 e6 3. d4 cxd4 4. Nxd4 a6 5. Nc3 Qc7 6. Bd3 Nf6 7. O-O b5 8. a3
Bb7 9. Kh1 Be7 10. Bg5 d6 11. f4 Nbd7 12. Qe2 O-O 13. Rad1 Rac8 14. Rf3 Nc5 15.
Rh3 Nxd3 16. cxd3 Qb6 17. e5 Qxd4 18. exf6 Bxf6 19. Qh5 h6 20. Bxh6 gxh6 21.
Qxh6 Rfe8 22. Ne2 Qxb2 23. Rg3+ Bg7 24. d4 Kf8 25. Qxg7+ Ke7 26. Qg5+ Kd7 27.
Qh5 Rc2 28. Re1 Re7 29. Rg7 Qxa3 30. Rxf7 Qd3 31. Rxe7+ Kxe7 32. Kg1 b4 33. d5
Bxd5 34. f5 e5 35. f6+ Kxf6 36. Rf1+ Ke7 37. Qg5+ Kd7 38. Qg4+ Kc7 39. Rc1 Qe3+
40. Kf1 Rxc1+ 41. Nxc1 Qxc1+ 42. Kf2 Qf4+ 43. Qxf4 exf4 44. h4 b3 0-1

[Event "DRUGA LIGA CENTRALNE SRBIJE - Zapad"]
[Site "Vrnjacka banja"]
[Date "2013.??.??"]
[Round "6.5"]
[White "Vujic, Mihailo"]
[Black "Marcetic, Predrag"]
[Result "1/2-1/2"]
[WhiteElo "2340"]
[BlackElo "2284"]
[PlyCount "37"]
[EventDate "2013.10.10"]

1. e4 Nf6 2. e5 Nd5 3. c4 Nb6 4. c5 Nd5 5. Nc3 e6 6. d4 Nxc3 7. bxc3 d6 8. cxd6
cxd6 9. Nf3 Nc6 10. exd6 Bxd6 11. Bd3 Qa5 12. Bd2 Qh5 13. O-O O-O 14. Re1 Ne7
15. Rb1 Bd7 16. Re4 Ng6 17. c4 f5 18. Re1 Bc6 19. Rxe6 1/2-1/2

[Event "DRUGA LIGA CENTRALNE SRBIJE - Zapad"]
[Site "Vrnjacka banja"]
[Date "2013.??.??"]
[Round "6.5"]
[White "Milosevic, Zoran"]
[Black "Tojagic, Dane"]
[Result "1/2-1/2"]
[WhiteElo "2243"]
[BlackElo "2274"]
[PlyCount "65"]
[EventDate "2013.10.10"]

1. d4 d5 2. c4 c6 3. Nf3 Nf6 4. Nc3 a6 5. cxd5 cxd5 6. Bf4 e6 7. e3 Be7 8. h3
O-O 9. Bd3 Nc6 10. Rc1 b5 11. O-O Na5 12. Ne5 Bb7 13. Qe2 Rc8 14. Rfd1 Ne4 15.
Bb1 f6 16. Nd3 Nxc3 17. Rxc3 Rxc3 18. bxc3 Qc8 19. Qc2 Nc4 20. Ne5 f5 21. a4
bxa4 22. Nxc4 Qxc4 23. Ba2 Qc6 24. Qb2 Rc8 25. Rb1 Ba8 26. f3 Kf7 27. Rc1 Qb5
28. Qc2 Qa5 29. Bg3 Ba3 30. Rb1 Bc6 31. c4 dxc4 32. Qxc4 Bd7 33. Qd3 1/2-1/2

[Event "DRUGA LIGA CENTRALNE SRBIJE - Zapad"]
[Site "Vrnjacka banja"]
[Date "2013.??.??"]
[Round "6.5"]
[White "Markovic, Dragan P"]
[Black "Vasic, Vladimir"]
[Result "1/2-1/2"]
[WhiteElo "2242"]
[BlackElo "2170"]
[PlyCount "63"]
[EventDate "2013.10.10"]

1. e4 e5 2. d4 exd4 3. Nf3 Nc6 4. Nxd4 Bc5 5. Be3 Qf6 6. c3 Nge7 7. Nc2 Bxe3 8.
Nxe3 O-O 9. Bc4 d6 10. O-O Be6 11. Nd2 Bxc4 12. Ndxc4 Qe6 13. Qd3 b5 14. Nd2
Ne5 15. Qe2 f5 16. exf5 Nxf5 17. Nxf5 Qxf5 18. Nb3 Rae8 19. Nd4 Qf7 20. Qd1 a6
21. b3 c5 22. Nc2 Qg6 23. f3 Nd3 24. Qd2 Re7 25. Rad1 c4 26. Nd4 d5 27. b4 Rfe8
28. f4 Qh5 29. Rf3 Qg6 30. Rdf1 Re4 31. f5 Qf6 32. Ne6 1/2-1/2

[Event "DRUGA LIGA CENTRALNE SRBIJE - Zapad"]
[Site "Vrnjacka banja"]
[Date "2013.??.??"]
[Round "6.5"]
[White "Bezarevic, Branko"]
[Black "Milovanovic, Nenad"]
[Result "1/2-1/2"]
[WhiteElo "2175"]
[BlackElo "2182"]
[PlyCount "42"]
[EventDate "2013.10.10"]

1. Nf3 Nf6 2. g3 g6 3. Bg2 Bg7 4. O-O O-O 5. c4 d6 6. d4 c6 7. Nc3 Bf5 8. Nd2
Qc8 9. Re1 Bh3 10. Nde4 Bxg2 11. Nxf6+ Bxf6 12. Kxg2 Nd7 13. Be3 Nb6 14. b3 d5
15. cxd5 Nxd5 16. Nxd5 cxd5 17. Qd2 Qd7 18. Rac1 Rac8 19. Rxc8 Rxc8 20. Rc1 h5
21. Rxc8+ Qxc8 1/2-1/2

[Event "DRUGA LIGA CENTRALNE SRBIJE - Zapad"]
[Site "Vrnjacka banja"]
[Date "2013.??.??"]
[Round "6.5"]
[White "Jelisavcic, Srdjan"]
[Black "Novakovic, Slobodan"]
[Result "1/2-1/2"]
[WhiteElo "2095"]
[BlackElo "2167"]
[PlyCount "121"]
[EventDate "2013.10.10"]

1. e4 d6 2. Nc3 g6 3. d3 Bg7 4. g3 Nf6 5. Bg2 O-O 6. h3 c5 7. Nge2 Nc6 8. Be3
Rb8 9. Qd2 Re8 10. f4 e6 11. O-O Qc7 12. Nd1 b5 13. c3 b4 14. f5 exf5 15. Bh6
Bh8 16. exf5 Bxf5 17. Rxf5 Rxe2 18. Qxe2 gxf5 19. Qf3 Ne5 20. Qxf5 Qe7 21. Ne3
Ng6 22. Rf1 Qe5 23. Nd5 Qxf5 24. Rxf5 Ne8 25. h4 Bg7 26. Bxg7 Kxg7 27. c4 h6
28. Be4 Rc8 29. Kg2 Nc7 30. Ne3 Ne7 31. Rf2 Rb8 32. g4 Ne6 33. Kg3 Rb6 34. Nf5+
Nxf5+ 35. gxf5 Nc7 36. f6+ Kf8 37. Kg4 d5 38. cxd5 Ne8 39. Rc2 Nxf6+ 40. Kf5
Nd7 41. Kf4 Ra6 42. b3 Ke7 43. Bf5 Nb6 44. Ke5 f6+ 45. Ke4 Kd6 46. Be6 f5+ 47.
Kxf5 Nxd5 48. Re2 Nc3 49. Bc4 Rxa2 50. Re6+ Kd7 51. Rxh6 a5 52. Ra6 Nd1 53.
Bb5+ Ke7 54. h5 Ne3+ 55. Kg6 Rg2+ 56. Kh7 Nf5 57. h6 Nd6 58. Ra7+ Kf8 59. Rxa5
Rg3 60. Bc4 Nxc4 61. bxc4 1/2-1/2

[Event "DRUGA LIGA CENTRALNE SRBIJE - Zapad"]
[Site "Vrnjacka banja"]
[Date "2013.??.??"]
[Round "6.5"]
[White "Osatovic, Aleksandar*"]
[Black "Mijanovic, Dragan"]
[Result "1/2-1/2"]
[WhiteElo "2052"]
[BlackElo "2086"]
[PlyCount "105"]
[EventDate "2013.10.10"]

1. d4 d5 2. c4 c6 3. Nc3 Nf6 4. cxd5 cxd5 5. Bf4 a6 6. e3 Nc6 7. a3 g6 8. Bd3
Bg7 9. h3 O-O 10. Nf3 b5 11. b4 e6 12. Ne5 Bb7 13. O-O Nxe5 14. Bxe5 Qe7 15.
Qb3 Nd7 16. Bxg7 Kxg7 17. a4 bxa4 18. Nxa4 Rfb8 19. Nc5 Bc8 20. Qc3 Qd6 21. Ra4
f5 22. Rfa1 Nb6 23. Ra5 Kh6 24. Bxa6 Bxa6 25. Rxa6 Qc7 26. Qc1 Rxa6 27. Nxa6
Qxc1+ 28. Rxc1 Ra8 29. b5 Nc4 30. Nc7 Rb8 31. Nxe6 Rxb5 32. Nc7 Rb2 33. Nxd5
Nd2 34. f3 Kg5 35. Nf4 Kh4 36. Nd3 Ra2 37. Nb4 Rb2 38. Rc2 Nxf3+ 39. gxf3 Rxb4
40. Kg2 f4 41. Kf2 g5 42. d5 Rb3 43. e4 Rd3 44. Ke2 Re3+ 45. Kd2 Rxf3 46. d6
Rf2+ 47. Kd3 Rxc2 48. Kxc2 f3 49. Kd2 Kg3 50. d7 f2 51. d8=Q f1=Q 52. Qxg5+ Kh2
53. Qg4 1/2-1/2

[Event "DRUGA LIGA CENTRALNE SRBIJE - Zapad"]
[Site "Vrnjacka banja"]
[Date "2013.??.??"]
[Round "6.5"]
[White "Stevanovic, Velimir*"]
[Black "Zivanovic, Bojan**"]
[Result "1/2-1/2"]
[WhiteElo "1929"]
[BlackElo "2075"]
[PlyCount "81"]
[EventDate "2013.10.10"]

1. e4 c5 2. Nf3 d6 3. c3 Nf6 4. Be2 Nc6 5. d4 cxd4 6. cxd4 Nxe4 7. d5 Qa5+ 8.
Nc3 Nxc3 9. bxc3 Ne5 10. Nxe5 Qxc3+ 11. Bd2 Qxe5 12. O-O Qxd5 13. Bf3 Qd4 14.
Rb1 d5 15. Qc2 e6 16. Rfc1 Bd6 17. Bc3 Qc5 18. Qa4+ Bd7 19. Qg4 Rg8 20. Bb4 Qb6
21. Bxd6 Qxd6 22. Rxb7 Bc6 23. Rb3 Rc8 24. Qd4 Ke7 25. Qxa7+ Rc7 26. Qb6 Rgc8
27. Rbc3 Kd7 28. Qd4 f6 29. Qg4 Kd8 30. h4 Ke8 31. h5 Kf8 32. Qd4 Bd7 33. h6
Rxc3 34. hxg7+ Kxg7 35. Rxc3 Rxc3 36. Qxc3 Qe5 37. Qb4 Qa1+ 38. Kh2 Qe5+ 39.
Kg1 Qa1+ 40. Kh2 Qe5+ 41. Kg1 1/2-1/2